Airports Furthest from the City Center - Statistics

General Stats
  • This quiz has been taken 767 times
  • The average score is 10 of 20
Answer Stats
km continent airport city % Correct
39.5 Europe Gatwick Airport London
90%
44.9 Europe Luton Airport London
90%
50.3 Europe London Stansted Airport London
89%
56.5 Asia Narita International Airport Tokyo
88%
32.1 Asia Shanghai Pudong International Airport Shanghai
78%
42.0 Europe Moscow Domodedovo Airport Moscow
73%
49.2 Asia Incheon International Airport Seoul
62%
30.4 Asia Sabiha Gökçen International Airport Istanbul
62%
40.7 Europe Milan–Malpensa Airport Milan
58%
29.9 Asia Guangzhou Baiyun International Airport Guangzhou
52%
37.1 Asia Kansai International Airport Osaka
52%
36.5 Europe Stockholm Arlanda Airport Stockholm
50%
36.7 Europe Oslo Airport, Gardermoen Oslo
41%
34.0 Asia Taiwan Taoyuan International Airport Taipei
41%
44.5 Asia Kuala Lumpur International Airport Kuala Lumpur
39%
36.0 North America Washington Dulles International Airport Washington D.C.
31%
40.5 Asia New Chitose Airport Sapporo
20%
36.4 Asia Nanjing Lukou International Airport Nanjing
13%
35.1 Asia Taiping Airport Harbin
9%
31.9 Asia Zhengzhou Xinzheng International Airport Zhengzhou
5%
No matching quizzes found
Score Distribution
Percent of People with Each Score
Percentile by Number Answered
Your Score History
You have not taken this quiz